000 00688nam a2200193Ii 4500
003 JO-AjNU
008 230605s9999||||xx |||||||||||||| ||und||
040 _aJO-AjNU
_bara
_erda
_cJO-AjNU
041 _aara
050 1 4 _aZ675.S3H3764 1992
100 3 _aتاليف حسن ، عبد الشافي /تقديم محمد محمود رضوان ,
_eauthor
_918502
245 0 0 _aالخدمة المكتبية في المدرسة الابتدائية
264 3 1 _aالقاهرة : دار الشعب ،1992
300 _a224ص
336 _atext
_btxt
_2rdacontent
337 _aunmediated
_bn
_2rdamedia
338 _avolume
_bnc
_2rdacarrier
650 4 _aالخدمات المكتبية
_918503
999 _aA5929
_c9497
_d9497